000 00799nam a2200265Ia 4500
003 OSt
005 20221006151412.0
006 a|||||r|||| 00| 0
007 ta
008 221006b |||||||| |||| 00| 0 hin d
020 _c150.00(each)
024 _a21,966
037 _b1310, 18/08/2004, Rajkamal Prakashan
_cTextual
040 _aEASL
_cEASL
_bhin
041 _2hin
_ahin
082 _aO42,3N13, 152P2-;2
100 _aNIIMI Nankichi
_9659095
245 0 _aPanch Chor
260 _aNew Delhi
_bRajkamal Prakashan India
_c2002
300 _a84p.
_ccm.
650 _aHL
700 _a SACHIDANAND Unita Tr.
942 _hO42,3N13, 152P2-;2
_cTEXL
_2CC
999 _c1090052
_d1090052